000 00476nam a2200181Ia 4500
001 18634
005 20260306171645.0
008 260306s9999||||xx |||||||||||||| ||und||
041 _aESP
082 _a658.4092
_bL535A
100 _aLencioni, Patrick
_eAUT
245 4 _aThe advantage:
_bwhy organizational health trumps everything else in business
260 _c2012
300 _a216 páginas :
_c24 cm.
650 _aGEN
654 _aCAN
942 _cLIB
_dJUS
_fJUS
_2ddc
_n
999 _c18634
_d18634